| 000 | 00928nam a2200229 a 4500 | ||
|---|---|---|---|
| 001 | 84241 | ||
| 003 | BD-RjUL | ||
| 005 | 20241105120406.0 | ||
| 008 | 241105s2023 bg ||||| |||| 00| 0 ben d | ||
| 020 | _a9789849788614 | ||
| 035 | _a(BD-RjUL)84241 | ||
| 040 |
_aBD-RjUL _beng _cBD-RjUL |
||
| 041 | _aben | ||
| 082 |
_223 _a891.4409 _bDAM 2023 |
||
| 100 |
_aদস্তিদার, শিপ্রা রক্ষিত _94476 |
||
| 245 |
_a মধুসূদনের নারী নির্মাণ ও সহজপাঠ / _cশিপ্রা রক্ষিত দস্তিদার |
||
| 260 |
_aচট্টগ্রাম : _bখড়িমাটি, _c২০২৩ |
||
| 300 |
_a৯৬ পৃ.; _c২২ সেমি. |
||
| 650 |
_aবাংলা সাহিত্য _vইতিহাস ও সমালোচনা |
||
| 650 |
_aBengali Literature _vHisotory and Criticism _914118 |
||
| 942 |
_2ddc _cBK |
||
| 999 |
_c84241 _d84241 |
||